000 00879nam a2200277 a 4500
001 000047497
003 DO-SdBNP
005 20250122124137.0
007 ta
008 180703s2018 dr ab 000 0 spa d
020 _a9789945090673
040 _aDO-SdBNP
_bspa
_cBNPHU
_erda
041 _hspa
082 _axxx
_bG216m
_222
100 1 _aGarcía Michel, Eduardo
_eautor
_99281
245 1 0 _aMoca :
_bel pueblo de antes /
_cEduardo García Michel ; exordio Artagnán Pérez Méndez.
264 _aSanto Domingo, :
_bGrupo Diario Libre,
_c2018.
300 _a386 páginas :
_bilustraciones, retratos ;
_c24 cm.
336 _ardacontent
_btexto
_2txt
337 _ardamedia
_bsin mediación
_2n
338 _ardacarrier
_bvolumen
_2nc
590 _aInventariado, 2018/ YL
700 1 _aPèrez Mèndez, Artagnan,
_d1929-2017
_eexordio
_977104
910 _aYL
942 _2ddc
_cLBS1
999 _c46985
_d46985